• 首页
  • 本馆介绍
  • 公告通知
  • 最新文献
  • 馆藏检索
  • 电子资源
  • 读者导购
  • 参考咨询
  • 我的图书馆
  • 登录
  • 详细信息显示
  • 放入我的书架
  • 预约/预借图书
  • 作者相关作品
  • 分类相关作品
  • 丛书相关作品
  • 出版社相关作品

书目信息

  • 表格格式
  • 工作单格式
  • 卡片格式
题名:
二级建造师考试试题分类精解
    
 
作者: ;学赛网 编著
分册:   建设工程施工管理
出版信息: 北京   电子工业出版社  2015
页数: 369页
开本: 26cm
丛书名:
单 册:
中图分类: TU-44 , TU71-44
科图分类:
主题词: 建筑师--题解--资格考试 , 建筑工程--题解--资格考试--施工管理
电子资源:
ISBN: 978-7-121-25524-3
000 01042nam0 2200253 450
001 1746
005 20161201082450.12
010    @a978-7-121-25524-3@dCNY69.00
100    @a20150408d2015 em y0chiy50 ea
101 0  @achi
102    @aCN@b110000
105    @ay qz 000yy
200 1  @a二级建造师考试试题分类精解@9er ji jian zao shi kao shi shi ti fen lei jing jie@i建设工程施工管理@f学赛网编著
210    @a北京@c电子工业出版社@d2015
215    @a369页@d26cm
300    @a全国建造师执业资格考试用书
330    @a本书对历年考试试题进行了分析与总结,对考试大纲规定的内容有重点地进行细化和解读。具体包括七章:2Z101000施工管理、2Z102000施工成本管理、2Z103000施工进度管理、2Z104000施工质量管理、2Z105000施工职业健康安全与环境管理、2Z106000施工合同管理、2Z107000施工信息管理等。
606 0  @a建筑师@j题解@x资格考试
606 0  @a建筑工程@j题解@x资格考试@x施工管理
690    @aTU-44@v5
690    @aTU71-44@v5
711 02 @a学赛网@9xue sai wang@4编著
801  0 @aCN@b大连网信软件有限公司图书馆·11@c20161201
905    @aZUCC@dTU-44@e134
    
    二级建造师考试试题分类精解.建设工程施工管理/学赛网编著.-北京:电子工业出版社,2015
    369页;26cm
    全国建造师执业资格考试用书
    
    ISBN 978-7-121-25524-3:CNY69.00
    本书对历年考试试题进行了分析与总结,对考试大纲规定的内容有重点地进行细化和解读。具体包括七章:2Z101000施工管理、2Z102000施工成本管理、2Z103000施工进度管理、2Z104000施工质量管理、2Z105000施工职业健康安全与环境管理、2Z106000施工合同管理、2Z107000施工信息管理等。
●
相关链接 在E读中查询图书 在五车中查询图书 在当当中查询图书 在豆瓣中查询图书


正题名:二级建造师考试试题分类精解     索取号:TU-44/134         预约/预借

序号 登录号 条形码 馆藏地/架位号 状态 备注
1 910057   209100578   第二样本阅览室/ [索取号:TU-44/134] 在馆    
2 910058   209100587   第三借阅区/ [索取号:TU-44/134] 在馆    
3 910059   209100596   第三借阅区/ [索取号:TU-44/134] 在馆    
4 910060   209100603   第三借阅区/ [索取号:TU-44/134] 在馆    
5 910061   209100612   第三借阅区/ [索取号:TU-44/134] 在馆    
唐山师范学院图书馆 欢迎您!
大连网信软件有限公司© 版权所有